01794nam a2200289 u 450000100070000000500170000700800410002402000150006503500110008003500210009104000130011204100080012508200080013310000300014124500540017125000170022526000360024230000190027850510160029765000310131365000330134465000290137765000230140665000190142965000160144870000400146483603820260506095810.0030806s2003 spa  a9701040546 a836038 a(OCoLC)651262075 ccomduadb aspa 4a15210aQuinn, Brian P.4auteaut10aTodo sobre la depresión : aprenda a controlarla a2. edición aMéxico :bMcGraw-Hill,c2003. a275 páginas. aCONTENIDO : Introducción. -- CAPÍTULO 1: Generalidades de la depresión y otros trastornos anímicos. -- CAPÍTULO 2: Trastornos anímicos leves que se confunden con problemas psicológicos. -- CAPÍTULO 3: Depresión mayor, trastorno bipolar tipo I (depresión-manía) y trastorno bipolar tipo II. -- CAPÍTULO 4: Trastornos anímicos en niños y adolescentes. -- CAPÍTULO 5: Otros trastornos psiquiátricos que suelen asociarse con los trastornos anímicos. -- CAPÍTULO 6: Trastornos anímicos y problemas maritales. -- CAPÍTULO 7: Psicoterapia para la depresión. -- CAPÍTULO 8: Medicación para la depresión. -- CAPÍTULO 9: Tratamiento de los trastornos bipolares. -- CAPÍTULO 10: Compuestos naturales y procedimientos alternos para el tratamiento de los trastornos anímicos. -- CAPÍTULO 11: Autoayuda y resumen de pautas para el presunto paciente. -- CAPÍTULO 12: Diagnóstico y tratamiento de los trastornos anímicos en el siglo XXI. -- Apéndice. -- Índice. aDepresión (Psicología) 7aTrastornos afectivos2armarc 7aTrastorno depresivo2dcs 7aPsicoterapia2lemb aAntidepresivos aTratamiento10aBarroso Castro, Ana Maria4trletrl